00434nam a2200133 a 450000100100000000500170001000800410002704000250006808200160009310000390010924500630014826000500021130000390026100003220620200930063523.0110713s1977 dr cg 000 | spa d aDO-SdBNPbspacBNPHU axxxxbM917c1 aMota Acosta, Julio César,d1945-14aLos cocolos en Santo Domingo /cJulio César Mota Acosta. aSanto Domingo :bEditorial La Gaviota,c1977. a186 p. :bretrs., mús. ;c18 cm.